Biblioteca

Diccionario interdisciplinar de hermenéutica (Registro nro. 31821)

Detalles MARC
000 -LÍDER
Campo fijo de descripción fija 006120000a22002050004500
001 - NÚMERO DE CONTROL
Campo de control 285
003 - IDENTIFICADOR DEL NÚMERO DE CONTROL
Campo de control CO-MdFUSB
005 - FECHA Y HORA DE LA ULTIMA TRANSACCIÓN
control field 20160824153057.0
008 - ELEMENTOS DE LONGITUD FIJA -- INFORMACIÓN GENERAL
Campo fijo de descripción fija -- Información general 160824b xxu||||| |||| 00| 0 eng d
020 ## - NÚMERO INTERNACIONAL NORMALIZADO PARA LIBROS
Número Internacional Normalizado del libro 84-7485-917-4
040 ## - FUENTE DE CATALOGACIÓN
Agencia que realiza la transcripción CO-MdFUSB
041 0# - CÓDIGO DE IDIOMA
Código de idioma para texto/pista de sonido o título separado
082 04 - NÚMERO DE CLASIFICACIÓN DECIMAL DEWEY
Número de clasificación R 121.68 O78d
245 00 - TÍTULO
Título del Material Diccionario interdisciplinar de hermenéutica
Mención de responsabilidad, etc. / Andrés Ortiz-Osés, Patxi Lanceros, Directores
250 ## - MENCIÓN DE EDICIÓN
Mención de edición 4 edición, revisada y ampliada
264 ## - PRODUCCIÓN, PUBLICACIÓN, DISTRIBUCIÓN, MANUFACTURA, Y COPYRIGHT
Lugar de producción, publicación, distribución, manufactura Bilbao, España :
Nombre del productor, publicador, distribuidor Universidad de Deusto,
Fecha de producción, publicación, distribución, manufactura, o copyright 2004
300 ## - DESCRIPCIÓN FÍSICA
Extensión 627 Pag.
650 14 - ASIENTO SECUNDARIO DE MATERIA - TERMINO TEMÁTICO
Término temático o nombre geográfico como elemento de entrada HERMENEUTICA \ ENCICLOPEDIAS Y DICCIONARIOS
942 ## - TIPO DE MATERIAL (KOHA)
Tipo de Item KOHA Libros General
Existencias
Estado de Material Estado de Perdido Estado de Dañado No para Préstamo Colección Tomo Biblioteca de Origen Biblioteca Permanente Fecha de Adquisición Total de Préstamos Total de Renovaciones Signatura Topográfica Código de Barras Última vez visto Última vez Préstado Ejemplar/Existencia Fecha de Remplazo Tipo de Material
        Colección de Referencia   Biblioteca FUSBC Biblioteca FUSBC 08/09/2004 1 1 R 121.68 O78d 28661 14/03/2022 14/03/2022 1 26/01/2016 Libros de Referencia

Biblioteca FUSBC | Teléfono: (57+4) 349 88 10 Ext. 141| WhatsApp (+57) 3005338115 
E-mail: biblioteca@unisbc.edu.co | Calle 76 87-14 Robledo Palenque, Medellín, Colombia

Con tecnología Koha